000 00411nam a2200157 4500
001 108256
003 ES-MaACL
005 20230906184617.0
007 t|
008 061121s1967 sp r ||||1| spa d
100 1 _aMollá, Juan.
_982043
245 1 0 _aFuera de juego /
_cJuan Mollá.
260 _aMadrid :
_bAlfaguara,
_c1967.
300 _a319 p. :
_bil. ;
_c21 cm.
852 _aES-MaACL
_jC-31799
_bR.62228
999 _c108256
_d108256